000 00526cam a22002174a 4500
005 20250605164238.0
008 250528s ||||||||||||||||||||||||d
035 _a21210
020 _a9789609490030
040 _aGR-AtMCL
_bgre
_dGR-AtMCL
_eAACR2
245 1 _aMarketing 3.0
250 _a1
260 _bE.P. Dutton & Co., Inc,
_c2011
300 _a211
700 1 _aKartajaya Hermawan
_97233
700 1 _aKotler Philip
_91146
700 1 _aSetiawan Iwan
_97234
942 _cBK
999 _c6277
_d6277